LEADER 01021nam a2200229 i 4500 001 000000194963 003 CaOOAMICUS 005 20101129000000.0 008 101129s1987 it u000 u ita u 013 $a173624 040 $aSeMil$bita 245 14$a[La sua memoria sarà in benedizione :$bmons. Edoardo Gilardi, Lecco, 24 marzo 1892, Milano, 26 settembre 1962]. 260 $a[S.l. :$bs.n.],$cstampa 1987$e(Oggiono (LC) :$fCattaneo ,$gstampa 1987) 300 $a41 p. :$bill. ;$c30 cm. 500 $aFondo Card. C.M. Martini. 600 14$aGilardi, Edoardo .$0(OLS)http://semarc/subject/45460 850 $aSeMil 852 $aSeMil$W1$xVenegono$y1$m5A XII 7/1$j145532$B145532$CSeMilBibl$Z2$F157110 $81 941 1 $a4 961 $aOmaggio: Martini Card. Carlo Maria 996 $6245$a[La sua memoria sarà in benedizione :$bmons. Edoardo Gilardi, Lecco, 24 marzo 1892, Milano, 26 settembre 1962]$9(OLS)http://semarc/title/281166 996 $6260$a[S.l. :$bs.n.]$9(OLS)http://semarc/publisher/29751 LEADER 00942nam a2200217 i 4500 001 000000075102 003 CaOOAMICUS 005 20110525000000.0 008 110525s1858 it u000 u ita u 013 $a46274 040 $aSeMil$bita 100 1 $aRighetti, Carlo <1830-1906>.$0(OLS)http://semarc/name/37121 245 13$aLa giornata di Tagliacozzo :$bstoria italiana /$cdi Cletto Arrighi. 260 $aMilano :$bFrancesco Sanvito,$c1858. 300 $a510 p., [16] c. di tav. :$bill. ;$c23 cm. 490 0 $aI racconti del popolo : letture illustrate ;$v2 830 2$aI racconti del popolo : letture illustrate ;$v2.$0(OLS)http://semarc/title/33668 850 $aSeMil 852 $aSeMil$W1$xVenegono$y1$m1D VII 18 FA$j41254$B41254$CSeMilBibl$Z2$F41258 $8I 996 $6245$aLa giornata di Tagliacozzo :$bstoria italiana$9(OLS)http://semarc/title/121872 996 $6260$aMilano :$bFrancesco Sanvito$9(OLS)http://semarc/publisher/31378